Busiest airport destinations from the UK by country (2010) Quiz Stats

 Plays Quiz not verified by Sporcle

Challenge
Share
Tweet
Embed
Score 0/80 Timer 10:00
0 Plays Today
Country Airport with busiest route to/from UK % Correct
IrelandDublin
99.4%
NetherlandsAmsterdam
98.9%
FranceParis Charles de Gaulle
93.4%
United Arab EmiratesDubai
92.2%
United States of AmericaNew York JFK
87.9%
SwitzerlandGeneva
81.8%
DenmarkCopenhagen
80.1%
ItalyRome Fiumicino
78.6%
GermanyFrankfurt
77.1%
Czech RepublicPrague
76.1%
CanadaToronto
75.9%
GreeceAthens
75.9%
SwedenStockholm Arlanda
75.4%
BelgiumBrussels
75.4%
AustraliaSydney
75.2%
NorwayOslo Gardermoen
75%
AustriaVienna
75%
SingaporeSingapore
74.8%
JapanTokyo Narita
74.6%
FinlandHelsinki
74.2%
HungaryBudapest
74.1%
ThailandBangkok
73.5%
RussiaMoscow Domodedovo
73.3%
IndiaMumbai
73.1%
IsraelTel Aviv
72.2%
ChinaHong Kong
71.4%
South AfricaJohannesburg
71.4%
South KoreaSeoul
69.9%
LatviaRiga
68.4%
LuxembourgLuxembourg
68.2%
BulgariaSofia
68%
MaltaMalta
67.6%
MalaysiaKuala Lumpur
67.6%
UkraineKiev Boryspil
67.4%
New ZealandAuckland
67.2%
KenyaNairobi
66.3%
BrazilSao Paulo Guarulhos
66.1%
NigeriaLagos
65.9%
PolandKrakow
65.5%
KuwaitKuwait
65.5%
Country Airport with busiest route to/from UK % Correct
IranTehran Imam Khomeini
65.2%
QatarDoha
64.6%
RomaniaBucharest Baneasa
63.8%
PakistanIslamabad
63.1%
ArgentinaBuenos Aires
62.7%
IcelandKeflavik
61.9%
TaiwanTaipei
61.7%
SlovakiaBratislava
61%
MexicoCancun
61%
LibyaTripoli
61%
EthiopiaAddis Ababa
60%
SpainMalaga
59.8%
LebanonBeirut
59.3%
EstoniaTallinn
59.3%
Sri LankaColombo
59.1%
SerbiaBelgrade
58%
BarbadosBarbados
57%
JordanAmman
56.6%
BangladeshDhaka
56.6%
GhanaAccra
54.7%
SloveniaLjubljana
53%
PortugalFaro
52.7%
BahrainBahrain
52.3%
OmanMuscat
52.3%
BruneiBandar Seri Begawan
51.5%
EgyptSharm el-Sheikh
50.9%
MaldivesMale
48.5%
Saudi ArabiaJeddah
47.7%
MoroccoMarrakech
47.5%
MauritiusMauritius
45.3%
CroatiaDubrovnik
44.7%
St LuciaSt Lucia
43.9%
CyprusLarnaca
43%
JamaicaMontego Bay
41.9%
Antigua and BarbudaAntigua
41.3%
GambiaBanjul
31.6%
LithuaniaKaunas
26.9%
Dominican RepublicPunta Cana
26.5%
TurkeyDalaman
25.8%
TunisiaMonastir
15.9%

You're not logged in!

Compare scores with friends on all Sporcle quizzes.
OR
Log In

You Might Also Like...

Show Comments

Extras

Top Quizzes Today


Score Distribution

Your Account Isn't Verified!

In order to create a playlist on Sporcle, you need to verify the email address you used during registration. Go to your Sporcle Settings to finish the process.

Report this User

Report this user for behavior that violates our Community Guidelines.

Details: